000 00229nam a22001217a 4500
003 SGT
082 _bLAL
100 _aLAL
245 _aAGRICULTURAL RESEARCH
260 _aINDIA
_bICAR
_c2022
300 _a791
942 _2ddc
_cBV
999 _c29863
_d29863